000 01138nam a2200313Ia 4500
001 Para_5665
003 CHAP
008 220125s1979 xx 000 0 und d
010 _a204095
040 _cCHAP
090 _aPA TESIS 17
100 _aAlvizo Villasana, Héctor Félix
_95042
245 _aResistencia sistemática adquirida al virus mosaico del tabaco y virus enanismo arbustivo del jitomate en hospederos hipersensibles /
_c por Héctor Félix Alviso Villasana
260 _aChapingo, Méx. :
_b el autor
300 _a50 h.
502 _aTesis (Ing. Agr. Esp. en Parasitología Agrícola). UACh. Departamento Parasitología Agrícola
650 _aEnanismo arbustivo del tomate
_936717
650 _aTabaco
_x enfermedades por virus
_9111216
650 _aTomate
_x enfermedades por virus
_9113715
650 _aVirus del mosaico del tabaco
_9119964
710 _aUACh. Departamento Parasitología Agrícola
_9164025
901 _aPA TESIS 17
902 _aA
905 _a0000001979 ai 0000000000 00
910 _a1979
942 _cPARA
942 _cPARA
_d1
999 _c204095
_d204095